• Liszt Franz

di Personal Name

Records bibliografici associati: 1

001 - CONTROL NUMBER

  • control field: 9440

003 - CONTROL NUMBER IDENTIFIER

  • control field: IT-RoPau

005 - DATE AND TIME OF LATEST TRANSACTION

  • control field: 20140117221936.0

008 - FIXED-LENGTH DATA ELEMENTS

  • fixed length control field: 140117|| aca||aabn | a|a d

040 ## - CATALOGING SOURCE

  • Original cataloging agency: IT-RoPau
  • Transcribing agency: IT-RoPau

100 ## - HEADING--PERSONAL NAME

  • Personal name: Liszt Franz
  • Relator term: Autore musica
  • Miscellaneous information: Codice autore musica SPICS: 10789
  • Name of part/section of a work: Fantasia ungherese per pianoforte e orchestra - Rapsodia ungherese n. 5 in mi minore - Rapsodia ungherese n. 4 in mi bemolle maggiore

670 ## - SOURCE DATA FOUND

  • Source citation: Work cat.: (IT-RoPau)103500: AA.VV. 794, Fantasia ungherese-Rapsodie ungheresi N.4 e N.5-Danze ungheresi
CREDITS: SOCIETA' SAN PAOLO Via A.Severo, 58 - ROMA (RM) & PERIODICI SAN PAOLO SRL Via Giotto, 36 MILANO & CISF Via Giotto, 36 MILANO & EDIZIONI SAN PAOLO SRL,  Piazza Soncino, 5 CINISELLO BALSAMO (MI) -- ITALY